| 000 | 00492nam a22001697a 4500 | ||
|---|---|---|---|
| 003 | NUST - PNEC | ||
| 005 | 20170116181013.0 | ||
| 008 | 150913b xxu||||| |||| 00| 0 eng d | ||
| 020 | _a- | ||
| 040 | _cLIBRARY | ||
| 082 | _a621.381956 IBM | ||
| 100 |
_910326 _aInternational business machine corporation |
||
| 245 |
_aIntroduction to IBM 4300 and DOS/VSE Facilities _cInternational business machine corporation |
||
| 260 | _cc.1980 | ||
| 650 |
_910329 _aIBM 4300 _xMIS |
||
| 942 |
_2ddc _cBK |
||
| 999 |
_c67182 _d67182 |
||